00961nam a2200265 a 4500001000800000005001700008008004100025020001500066040001800081050002100099245010600120260002600226300002400252440003800276500002100314500005300335650006200388650003300450700002800483700003400511700002400545942001100569999001100580952010400591BRCA_2620190320202841.0011012s2002 caua---##b---#001-0#eng-# a8434466066 aDLCcDLCdDLC 4aAM121b.A75 199810aManual de gestión de museosceditado por Barry Lord, Gail Dexter Lord ; traducción Josep Ballart. aEspañabArielc1998 a255 p.bil.c26 cm. 0aAriel patrimonio histórico9121 aIncluye glosario aTraducción de: The Manual of Museum Management14aMuseosvManualesxAdministraciónzAmérica Latina912214aMuseografíavManuales91231 aLord, Barryd1939-91241 aLord, Gail Dexterd1946-91251 aBallart, Josep9126 2lcccB c26d26 00104070aBRCAbBRCAd2008-06-25l0oAM121 .A75 1998p00021_1r2019-03-23 00:00:00w2019-03-23yB